| 000 | 00724cab a2200241 4500 | ||
|---|---|---|---|
| 001 | WB2917-09 | ||
| 008 | 090401t1993 xxu||||| |||| 00| 0 eng d | ||
| 035 | _a(Sirsi) u17933 | ||
| 041 | _aeng | ||
| 245 | _aHanson`s property portfolio | ||
| 260 | _c1993 | ||
| 350 | _a0 | ||
| 490 |
_aFinancial Times _v7 May 1993, 13(1) |
||
| 520 | _aHanson is the second biggest property company in Britain. The company maintains that it has made no conscious effort to build up such an impressive portfolio. | ||
| 650 | _aARC | ||
| 650 | _aHANSON PROPERTIES | ||
| 650 | _aLAND BANK | ||
| 650 | _aLONDON BRICK | ||
| 650 | _aPROPERTY COMPANIES | ||
| 690 | _aPROPERTY-COMMERCIAL PROPERTY | ||
| 942 | _n0 | ||
| 948 | _c04/03/1997 | ||
| 999 |
_c11894 _d11894 |
||